Hauptstädte der Bundesstaaten Brasiliens - Statistiken

Allgemein
  • Dieses Quiz wurde 119 mal gespielt
  • Das Durchschnittsergebnis liegt bei 16 aus 27
Antwortstatistiken
Bundesstaat Hauptstadt Einwohner % Korrekt
Rio de Janeiro Rio de Janeiro 6.775.560
98%
São Paulo São Paulo 12.284.940
97%
Amazonas Manaus 2.244.470
89%
Distrito Federal Brasília 2.988.440
86%
Minas Gerais Belo Horizonte 2.530.700
83%
Pará Belém 1.493.530
81%
Bahia Salvador 2.899.520
78%
Pernambuco Recife 1.661.020
76%
Paraná Curitiba 1.963.730
73%
Ceará Fortaleza 2.703.390
73%
Rio Grande do Sul Porto Alegre 1.492.530
73%
Rio Grande do Norte Natal 896.710
62%
Goiás Goiânia 1.549.740
60%
Santa Catarina Florianópolis 496.960
54%
Mato Grosso do Sul Campo Grande 903.710
51%
Acre Rio Branco 419.452
51%
Maranhão São Luís 1.054.010
51%
Amapá Macapá 500.070
48%
Espírito Santo Vitória 369.530
46%
Mato Grosso Cuiabá 611.980
44%
Paraíba João Pessoa 822.680
41%
Alagoas Maceió 1.030.910
41%
Piauí Teresina 821.190
41%
Rondônia Porto Velho 500.540
40%
Roraima Boa Vista 426.590
35%
Tocantis Palmas 304.310
33%
Sergipe Aracaju 672.610
27%
Keine übereinstimmenden Quizze gefunden
Verteilung der Resultate
Anzahl Personen mit jedem Resultat
Perzentil nach korrekt beantworteten Fragen
Ihre Resultats-Entwicklung
Sie haben dieses Quiz noch nicht gespielt